000
00279nam a2200109Ia 4500
008
220204s9999 xx 000 0 und d
082
_a
626.823.4
_b
DRI
100
_a
Driscoll, Henry T
245
0
_a
Filter aids and materials
260
_a
New Jersey
_b
Noyes Data
_c
1977
942
_c
BK
999
_c
28242
_d
28242